Statistics for Random Sequential Districts of Portugal on a Map

Click here to take the quiz!

General Stats

  • This quiz has been taken 21 times
  • The average score is 16 of 20

Answers on the Map

Answers color-coded by a green-red scale on the quiz's map according to % correct below.
 

Answer Stats

District% Correct
Açores
100%
Faro
100%
Lisboa
100%
Madeira
100%
Porto
89%
Coimbra
83%
Leiria
83%
Setúbal
83%
Aveiro
78%
Braga
78%
Bragança
78%
Évora
78%
Castelo Branco
72%
Guarda
72%
Santarém
72%
Viana do Castelo
72%
Viseu
72%
Beja
67%
Portalegre
67%
Vila Real
67%

Score Distribution

Percentile by Number Answered

Percent of People with Each Score

Your Score History

You have not taken this quiz